ბათუმის შოთა რუსთაველის სახელმწიფო უნივერსიტეტის ბიბლიოთეკა

არქეოლოგია : (ბიბ.ჩანაწერი № 60380)

000 -ლიდერი
ფიქსირებული სიგრძის საკონტროლო ველი 01470nam a22002297a 4500
003 - საკონტროლო ნომრის იდენტიფიკატორი
საკონტროლო ველი Ge_BSU
005 - ბოლო ოპერაციის თარიღი და დრო
საკონტროლო ველი 20230707121208.0
008 - ფიქსირებული სიგრძის მონაცემთა ელემენტები - ზოგადი ინფორმაცია
ფიქსირებული სიგრძის საკონტროლო ველი 230707s2012ge xxu||||| |||| 00| 0 geo d
020 ## - წიგნის საერთაშორისო სტანდარტული ნომერი
International Standard Book Number 9789941912382
041 ## - ენის კოდი
Language code of text/sound track or separate title geo
080 ## - უნივერსალური ათობითი კლასიფიკაციის ინდექსი
Universal Decimal Classification number 902/904(075.8) ბ-91
100 ## - მთავარი ჩანაწერი - პიროვნების სახელი
Personal name ბრაგვაძე, ზურაბ, ავტორი.
9 (RLIN) 12746
245 ## - ცნობა სათაურის შესახებ
Title არქეოლოგია :
Remainder of title [კავკასიის უნ-ტის ჰუმანიტ. მეცნ. სკოლის სტუდენტებისათვის] /
Statement of responsibility, etc ზურაბ ბრაგვაძე ; [რედ. გ. ნარიმანიშვილი].
264 ## - წარმოების, გამოცემის, დისტრიბუციის და სხვა ცნობები
გამოცემის, წარმოების, დისტრიბუციის... ადგილი თბილისი :
გამოცემის, წარმოების, დისტრიბუციის... სახელწოდება კავკასიის უნ-ტის გამ-ბა,
გამოცემის, წარმოების, დისტრიბუციის... თარიღი 2012.
300 ## - ფიზიკური აღწერა
Extent 107 გვ. :
Other physical details ნახ. + 12 ჩართ. ფ. ილ.
Dimensions 24 სმ.
500 ## - ზოგადი შენიშვნა
General note ყდაზე: არქეოლ. გათხრების პანორამა.
501 ## - შენიშვნა თანმხლებ მასალაზე
With note ტერმინთა მოკლე განმარტ. ლექსიკონი: გვ. 75-86.
საძიებელი: გვ. 101-10
504 ## - BIBLIOGRAPHY, ETC. NOTE
Bibliography, etc ბიბლიოგრ.: გვ. 107.
653 ## - INDEX TERM--UNCONTROLLED
Uncontrolled term არქეოლოგია სახელმძღვანელოები უმაღლესი სასწავლებლებისათვის
700 ## - ADDED ENTRY--PERSONAL NAME
Personal name ნარიმანიშვილი, გ
Relator term რედაქტორი
9 (RLIN) 18379
942 ## - ADDED ENTRY ELEMENTS (KOHA)
Source of classification or shelving scheme
Koha item type წიგნი
ეგზემპლარები
ჩამოწერის სტატუსი დაკარგული ეგზემპლარის სტატუსი კლასიფიკაციის წყარო ან თაროზე გაწყობის სქემა დაზიანების სტატუსი არ გაიცემა მუდმივი მდებარეობა (დაცვის ადგილი) ამჟამინდელი ადგილსამყოფელი თაროზე განთავსების ადგილი შეძენის თარიღი ღირებულება, შესყიდვის ნორმალური ფასი სრული შენახვის შიფრი შტრიხკოდი ბოლო ოპერაციის თარიღი ეგზემპლარის მიმდევრობითი ნომერი (კეტერი?) Uniform Resource Identifier ფასის ძალაში შესვლის თარიღი ეგზემპლარის სახეობა საჯარო შენიშვნა
          ბათუმის შოთა რუსთაველის სახელმწიფო უნივერსიტეტის მთავარი ბიბლიოთეკა ბათუმის შოთა რუსთაველის სახელმწიფო უნივერსიტეტის მთავარი ბიბლიოთეკა წიგნსაცავი 2023-07-07 8.00 902/904(075.8) ბ-91 64914 2023-07-07 64914 ბსუ-ს საპატიო დოქტორის გურამ ლორთქიფანიძის საჩუქარი 2023-07-07 წიგნი 8.00